[Event "XXVIII Memorial Mistrza Blaszczaka Grupa D - JUNIORZY"]
[Site "Wroclaw"]
[Date "1899-12-30"]
[Round "1.1"]
[White "Cukrowski, Filip"]
[Black "Lascar, Radoslawa"]
[Result "1-0"]
[WhiteTitle "k"]
[BlackTitle "I"]
[WhiteElo "2178"]
[BlackElo "1722"]

1. e4 c5 2. Nf3 Nc6 3. d4 cxd4 4. Nxd4 Nf6 5. Nc3 e5 6. Ndb5 d6 7. Bg5 a6 8. Na3
b5 9. Nd5 Be7 10. Bxf6 Bxf6 11. c4 b4 12. Nc2 a5 13. Be2 Bg5 14. O-O O-O 15. Qd3
f5 16. Nde3 Bxe3 17. Qd5+ Rf7 18. fxe3 Qe8 19. exf5 Bb7 20. Bh5 Rd8 21. Rad1 Kf8
22. Bxf7 Qxf7 23. Ne1 Rd7 24. Nf3 Qe7 25. Qd2 Ke8 26. Qf2 Qf7 27. Qc2 Qf6 28.
e4 Qe7 29. Rd2 Nd8 30. Rfd1 Nf7 31. c5 Rc7 32. Qa4+ Bc6 33. Qxa5 dxc5 34. Qb6
Rc8 35. Qa6 Qc7 36. Qc4 Qe7 37. Ng5 Nxg5 38. Qg8+ Qf8 39. Rd8+ Rxd8 40. Rxd8+
Kxd8 41. Qxf8+ 1-0

[Event "XXVIII Memorial Mistrza Blaszczaka Grupa D - JUNIORZY"]
[Site "Wroclaw"]
[Date "1899-12-30"]
[Round "1.2"]
[White "Kopica, Paulina"]
[Black "Stankiewicz, Pawel"]
[Result "0-1"]
[WhiteTitle "I"]
[BlackTitle "k"]
[WhiteElo "1711"]
[BlackElo "2070"]

1. e4 e6 2. d4 d5 3. e5 c5 4. c3 Nc6 5. Nf3 Qb6 6. a3 c4 7. g3 Bd7 8. Bh3 Nge7
9. O-O Na5 10. Nbd2 h6 11. Ne1 O-O-O 12. f4 Kb8 13. Ng2 g6 14. Rb1 Bg7 15. Ne3
h5 16. Bg2 Qc7 17. a4 Nc8 18. Ra1 Nb6 19. Qc2 Bc6 20. Bf3 Qd7 21. Bd1 Rdg8 22.
Ng2 Bf8 23. Nf3 Nb3 24. Ra2 Bxa4 25. Qb1 Be7 26. Be3 Rf8 27. Bc2 Rhg8 28. Qd1
Bb5 29. Re1 Bd8 30. Qe2 Na4 31. Qd1 Nb6 32. Qe2 a5 33. Kh1 a4 34. Qd1 Rh8 35.
Ngh4 Rfg8 36. Rf1 Be7 37. Rf2 Kc7 38. Qf1 a3 39. bxa3 Na4 40. Qe1 Ra8 41. Bd2
Nb6 42. Bc1 Rhc8 43. Ng2 Ra7 44. Nd2 Nxc1 45. Qxc1 Rca8 46. Nb1 Qe8 47. Ne3 Qf8
48. Qe1 Bxa3 49. Nxa3 Rxa3 50. Bb1 Rxa2 51. Bxa2 Qa3 52. Bb1 Na4 53. Rc2 Nb6 54.
Rc1 Qb2 55. Rc2 Qb3 56. Rc1 Ra3 57. Nc2 Ra8 58. Nb4 Ra3 59. Nc2 Ra7 60. Nb4 h4
61. g4 Ra3 62. Nc2 Ra4 63. Nb4 Rxb4 64. cxb4 Qf3+ 65. Kg1 Qxg4+ 66. Kh1 Qf3+ 67.
Kg1 Qxf4 68. Rd1 Qg4+ 69. Kh1 Qf3+ 70. Kg1 Kb8 71. Bc2 Qg4+ 72. Kh1 c3 73. Bd3
Qf3+ 74. Kg1 Bxd3 75. Rc1 Be4 76. Qf2 Qh1+ 0-1

[Event "XXVIII Memorial Mistrza Blaszczaka Grupa D - JUNIORZY"]
[Site "Wroclaw"]
[Date "1899-12-30"]
[Round "1.3"]
[White "Kulas, Szymon"]
[Black "Thamm, Merlin Jannes"]
[Result "0-1"]
[WhiteTitle "I++"]
[BlackTitle "II"]
[WhiteElo "2064"]
[BlackElo "1708"]

1. e4 c5 2. Nf3 Nc6 3. d4 cxd4 4. Nxd4 e5 5. Nb5 d6 6. N1c3 a6 7. Na3 Be7 8. Nc4
b5 9. Ne3 Nf6 10. Ned5 Rb8 11. Nxf6+ Bxf6 12. Nd5 O-O 13. c3 Bg5 14. Be2 Bb7 15.
O-O Bxc1 16. Rxc1 Ne7 17. Qd2 Bxd5 18. exd5 Qb6 19. Rfd1 Ng6 20. g3 f5 21. Bh5
f4 22. Bxg6 hxg6 23. Rc2 g5 24. Qd3 Rf6 25. g4 g6 26. Kg2 f3+ 27. Kg3 Qc7 28.
Rh1 Kg7 29. c4 Rc8 30. b3 Rf4 31. c5 Qd7 32. h3 dxc5 33. Qe3 Qd6 34. h4 e4 35.
h5 gxh5 36. Rxh5 Rh8 37. Qc3+ Rf6+ 38. Kh3 Rxh5+ 39. gxh5 Qf4 40. h6+ Kxh6 41.
Qxf6+ Qxf6 42. Rxc5 Qf4 0-1

[Event "XXVIII Memorial Mistrza Blaszczaka Grupa D - JUNIORZY"]
[Site "Wroclaw"]
[Date "1899-12-30"]
[Round "1.4"]
[White "Korpalski, Maciej"]
[Black "Piotrowski, Przemyslaw"]
[Result "0-1"]
[WhiteTitle "II"]
[BlackTitle "I++"]
[WhiteElo "1616"]
[BlackElo "2030"]

1. e4 c5 2. Nf3 d6 3. d4 cxd4 4. Nxd4 Nf6 5. Nc3 Nc6 6. f3 e5 7. Nb3 Be7 8. Be3
O-O 9. Qd2 a5 10. Bb5 Na7 11. Bc4 Be6 12. Nd5 Nc8 13. Rd1 Bxd5 14. Bxd5 Qc7 15.
Nc1 Nxd5 16. exd5 f5 17. O-O b5 18. Ne2 Nb6 19. b3 Bf6 20. Qd3 f4 21. Bf2 b4 22.
c4 Nd7 23. g3 Nc5 24. Bxc5 Qxc5+ 25. Kh1 Bg5 26. gxf4 Bxf4 27. Ng3 Bxg3 28. hxg3
Rf6 29. Kg2 Re8 30. Qe4 Ref8 31. Rh1 h6 32. Rdf1 g5 33. Rh5 Qc7 34. Rfh1 Qg7 35.
Rf1 Rf5 36. g4 Rf4 37. Qd3 e4 38. Qe3 Rxf3 39. Rxf3 exf3+ 40. Kf2 Qb2+ 0-1

[Event "XXVIII Memorial Mistrza Blaszczaka Grupa D - JUNIORZY"]
[Site "Wroclaw"]
[Date "1899-12-30"]
[Round "1.5"]
[White "Kanicki, Krzysztof"]
[Black "Marko, Piotr"]
[Result "1-0"]
[WhiteTitle "I"]
[BlackTitle "II"]
[WhiteElo "1937"]
[BlackElo "1574"]

1. d4 Nf6 2. Nf3 e6 3. Bf4 d5 4. e3 c5 5. c3 Nbd7 6. Bd3 b6 7. Nbd2 Bb7 8. h4 h5
9. Qe2 g6 10. O-O Bg7 11. b4 Qe7 12. bxc5 bxc5 13. Rab1 Bc6 14. Bb5 Bxb5 15. Rxb5
O-O 16. Rfb1 cxd4 17. cxd4 Nb6 18. Qd1 Ne4 19. Nxe4 dxe4 20. Ng5 Nd5 21. Nxe4
Nxf4 22. exf4 Rfd8 23. g3 Bxd4 24. Qe2 Rd7 25. Ng5 Rad8 26. Qe4 Bb6 27. Nf3 Rd1+
28. Rxd1 Rxd1+ 29. Kg2 Qd7 30. a4 Qd3 31. Qxd3 Rxd3 32. a5 Bd8 33. Ne5 Rd4 34.
Rb7 Bxa5 35. Rxa7 Bb6 36. Rxf7 Rd2 37. Rf6 Rxf2+ 38. Kh3 Bd4 39. Rxg6+ Kh7 40.
Rxe6 Re2 41. Nf3 Rxe6 42. Ng5+ Kg6 43. Nxe6 Ba7 44. Kg2 Kf5 45. Ng5 Kg4 46. Nh3
Bb8 47. Nf2+ Kf5 48. Kf3 Bc7 49. Nd1 Bb8 50. Ne3+ Kg6 51. Ke4 Ba7 52. f5+ Kh6
53. Nd5 Bb8 54. Nf4 Bc7 55. Kd5 Ba5 56. Ke6 1-0

[Event "XXVIII Memorial Mistrza Blaszczaka Grupa D - JUNIORZY"]
[Site "Wroclaw"]
[Date "1899-12-30"]
[Round "1.6"]
[White "Koza, Stanislaw"]
[Black "Gajdamowicz, Patrick"]
[Result "0-1"]
[WhiteTitle "II"]
[BlackTitle "I"]
[WhiteElo "1548"]
[BlackElo "1911"]

1. e4 e6 2. d4 d5 3. e5 c5 4. c3 Nc6 5. f4 Qb6 6. Nf3 Bd7 7. b3 Nh6 8. Ba3 cxd4
9. Bxf8 Rxf8 10. cxd4 Nf5 11. Nc3 Ncxd4 12. Nxd4 Qxd4 13. Qxd4 Nxd4 14. Kd2 a6
15. Bd3 g6 16. Rac1 Ke7 17. Ke3 Nc6 18. Ne2 Rfc8 19. Nd4 Nb4 20. Bb1 Kd8 21. a3
Nc6 22. Nxc6+ Bxc6 23. Kd4 Kc7 24. h4 h5 25. Bd3 Kb6 26. Rc2 Bb5 27. Rxc8 Rxc8
28. Bb1 Bd7 29. Bd3 Ka5 30. g3 Bb5 31. Bb1 Be2 32. Rh2 Bd1 33. Rb2 b5 34. Bd3
Rc6 35. Bb1 b4 36. axb4+ Kxb4 37. Kd3 0-1

[Event "XXVIII Memorial Mistrza Blaszczaka Grupa D - JUNIORZY"]
[Site "Wroclaw"]
[Date "1899-12-30"]
[Round "1.7"]
[White "Dzikowski, Michal"]
[Black "Domagalski, Fabian"]
[Result "1-0"]
[WhiteTitle "I"]
[BlackTitle "II"]
[WhiteElo "1892"]
[BlackElo "1266"]

1. d4 Nf6 2. Bg5 g6 3. Bxf6 exf6 4. Nf3 b6 5. e3 Bg7 6. Be2 O-O 7. Nbd2 d6 8. Ne4
d5 9. Ng3 Be6 10. h4 Qe7 11. c3 c5 12. h5 a5 13. Qc2 c4 14. Kf1 Nc6 15. e4 Rfe8
16. Nh4 g5 17. Nhf5 Bxf5 18. Nxf5 Qxe4 19. Qxe4 Rxe4 20. Bf3 Rf4 21. Ne3 Rxf3
22. gxf3 Rd8 23. Re1 Ne7 24. Nxc4 Bf8 25. Ne3 b5 26. a3 Rc8 27. Ke2 a4 28. Kd3
Rd8 29. Rhg1 h6 30. f4 Nc6 31. fxg5 hxg5 32. f4 Bh6 33. fxg5 fxg5 34. Ref1 1-0

[Event "XXVIII Memorial Mistrza Blaszczaka Grupa D - JUNIORZY"]
[Site "Wroclaw"]
[Date "1899-12-30"]
[Round "2.1"]
[White "Gajdamowicz, Patrick"]
[Black "Cukrowski, Filip"]
[Result "0-1"]
[WhiteTitle "I"]
[BlackTitle "k"]
[WhiteElo "1911"]
[BlackElo "2178"]

1. d4 Nf6 2. Nf3 g6 3. g3 Bg7 4. Bg2 O-O 5. O-O d6 6. c4 Nc6 7. Nc3 a6 8. Qc2 Bg4
9. Rd1 Nd7 10. Be3 e5 11. d5 Bxf3 12. exf3 Ne7 13. f4 Nf5 14. Ne4 b6 15. Rac1
h6 16. b4 exf4 17. Bxf4 g5 18. Bd2 Nd4 19. Qd3 f5 20. Nc3 Ne5 21. Qf1 Ndf3+ 22.
Bxf3 Nxf3+ 23. Kg2 g4 24. Ne2 Qe8 25. Ng1 Nxd2 26. Rxd2 f4 27. Qd3 f3+ 28. Kh1
Qe5 29. Qg6 Qf5 30. Qxf5 Rxf5 31. c5 b5 32. cxd6 cxd6 33. Rc6 Be5 34. a4 Kf7 35.
a5 Kg6 36. Rc7 Rf7 37. Rc6 Kf5 38. Rb6 Ke4 39. Rc6 h5 40. Rc1 h4 41. h3 hxg3 42.
Re1+ Kf4 43. fxg3+ Kxg3 44. Re4 Rf4 45. Re3 Kh4 46. hxg4 Kxg4 47. Rh2 f2 48. Rg3+
Kxg3 49. Ne2+ 0-1

[Event "XXVIII Memorial Mistrza Blaszczaka Grupa D - JUNIORZY"]
[Site "Wroclaw"]
[Date "1899-12-30"]
[Round "2.2"]
[White "Stankiewicz, Pawel"]
[Black "Kanicki, Krzysztof"]
[Result "0-1"]
[WhiteTitle "k"]
[BlackTitle "I"]
[WhiteElo "2070"]
[BlackElo "1937"]

1. e4 c5 2. Nf3 Nc6 3. d4 cxd4 4. Nxd4 Nf6 5. Nc3 d6 6. Bg5 e6 7. Qd2 Be7 8. O-O-O
O-O 9. f4 h6 10. Bh4 e5 11. Nxc6 bxc6 12. Bxf6 Bxf6 13. Qxd6 Qb6 14. fxe5 Rd8
15. Qa3 Qe3+ 16. Kb1 Rxd1+ 17. Nxd1 Qxa3 18. bxa3 Rb8+ 0-1

[Event "XXVIII Memorial Mistrza Blaszczaka Grupa D - JUNIORZY"]
[Site "Wroclaw"]
[Date "1899-12-30"]
[Round "2.3"]
[White "Piotrowski, Przemyslaw"]
[Black "Dzikowski, Michal"]
[Result "1-0"]
[WhiteTitle "I++"]
[BlackTitle "I"]
[WhiteElo "2030"]
[BlackElo "1892"]

1. e4 c6 2. d4 d5 3. exd5 cxd5 4. c4 Nc6 5. Nc3 Nf6 6. Bg5 dxc4 7. Bxc4 e6 8. d5
exd5 9. Nxd5 Be7 10. Bxf6 gxf6 11. Nf3 Qa5+ 12. Qd2 Qxd2+ 13. Kxd2 O-O 14. Rhe1
Bb4+ 15. Nxb4 Nxb4 16. Nd4 Rd8 17. Kc3 Rxd4 18. Re8+ Kg7 19. Kxd4 Nc2+ 20. Kc3
Nxa1 21. b3 Nc2 22. Bd3 Ne1 23. Rxe1 Be6 24. Bc4 Rc8 25. Kb4 Rc6 26. Rd1 Rc7 27.
Rd6 Bd7 28. a4 Bc6 29. f3 Bd7 30. a5 Bc8 31. Kc3 Be6 32. Kd4 Bd7 33. b4 a6 34.
h4 Bc8 35. Rd8 Be6 36. Bd5 Bc8 37. Re8 Bf5 38. g4 Bc8 39. h5 h6 40. Be4 Be6 41.
Bd3 Rd7+ 42. Ke3 Rc7 43. Rb8 Bd5 44. Be4 Bxe4 45. fxe4 Rd7 46. Kf4 Kh7 47. Kf5
Kg7 48. e5 fxe5 49. Kxe5 Kh7 50. Kf6 Rc7 51. Rf8 Rc6+ 52. Ke5 Rc7 53. Kd6 Rc6+
54. Kd5 Rc7 55. Rb8 Kg7 56. Kd6 Rc4 57. Rxb7 Rxg4 58. Kc5 Rf4 59. Rd7 Rf1 60.
Rd6 Rf5+ 61. Rd5 Rf1 62. Kb6 Rf6+ 63. Kb7 Rf4 64. b5 axb5 65. a6 Re4 66. a7 Re7+
67. Ka6 Re6+ 68. Kxb5 Re8 69. Kc6 1-0

[Event "XXVIII Memorial Mistrza Blaszczaka Grupa D - JUNIORZY"]
[Site "Wroclaw"]
[Date "1899-12-30"]
[Round "2.5"]
[White "Nowak, Kamil"]
[Black "Kulas, Szymon"]
[Result "1-0"]
[WhiteTitle "I"]
[BlackTitle "I++"]
[WhiteElo "1769"]
[BlackElo "2064"]

1. e4 c5 2. Nf3 d6 3. d4 cxd4 4. Nxd4 Nf6 5. Nc3 Nc6 6. Bg5 e6 7. Qd2 a6 8. O-O-O
Bd7 9. Kb1 b5 10. f3 Qb6 11. Be3 Qc7 12. g4 Ne5 13. g5 Nh5 14. f4 Nc4 15. Bxc4
Qxc4 16. Qe2 Qxe2 17. Ncxe2 g6 18. Ng3 Nxg3 19. hxg3 Bg7 20. Rh2 Rc8 21. Nb3 Rc4
22. Rxd6 Bc8 23. Rhd2 O-O 24. Bd4 Bb7 25. Bxg7 Kxg7 26. Na5 Rc7 27. Nxb7 Rxb7
28. Rxa6 Rh8 29. Rad6 h5 30. Rh2 Rc8 31. e5 Rc4 32. b3 Re4 33. a3 Re3 34. Rd3
Re4 35. Kb2 Rc7 36. Rdd2 Re3 37. Rd3 Re4 38. c3 Rc8 39. b4 Kg8 40. Kb3 Ra8 41.
Rhd2 Kg7 42. Rd8 Rxd8 43. Rxd8 Re3 44. a4 bxa4+ 45. Kxa4 Rxg3 46. b5 Rg1 47. Rd2
Rb1 48. c4 f5 1-0

[Event "XXVIII Memorial Mistrza Blaszczaka Grupa D - JUNIORZY"]
[Site "Wroclaw"]
[Date "1899-12-30"]
[Round "2.6"]
[White "Lascar, Radoslawa"]
[Black "Koza, Stanislaw"]
[Result "1-0"]
[WhiteTitle "I"]
[BlackTitle "II"]
[WhiteElo "1722"]
[BlackElo "1548"]

1. e4 e5 2. Nf3 Nc6 3. Bc4 Bc5 4. c3 Nf6 5. d4 exd4 6. cxd4 Bb4+ 7. Bd2 Bxd2+ 8.
Nbxd2 d5 9. exd5 Nxd5 10. Qb3 Qe7+ 11. Kd1 O-O 12. Bxd5 Bg4 13. Bxc6 bxc6 14.
Re1 Qd6 15. h3 Be6 16. Qc3 Rab8 17. b3 Rfd8 18. Ke2 Bd5 19. Kf1 Qg6 20. Re5 f6
21. Re7 h5 22. Rae1 1-0

[Event "XXVIII Memorial Mistrza Blaszczaka Grupa D - JUNIORZY"]
[Site "Wroclaw"]
[Date "1899-12-30"]
[Round "2.7"]
[White "Marko, Piotr"]
[Black "Kopica, Paulina"]
[Result "1-0"]
[WhiteTitle "II"]
[BlackTitle "I"]
[WhiteElo "1574"]
[BlackElo "1711"]

1. e4 c5 2. Nf3 d6 3. d4 cxd4 4. Nxd4 Nf6 5. Nc3 g6 6. Be3 Bg7 7. f3 O-O 8. Qd2
Nc6 9. O-O-O d5 10. exd5 Nxd5 11. Nxc6 Bxc3 12. Qxd5 Qc7 13. Nxe7+ Qxe7 14. Bc5
Bxb2+ 15. Kxb2 Qf6+ 16. Qd4 Qxd4+ 17. Rxd4 Re8 18. Bb5 Re6 19. Rhd1 Kg7 20. Rd8
a6 21. Bd7 Bxd7 22. Rxa8 1-0

[Event "XXVIII Memorial Mistrza Blaszczaka Grupa D - JUNIORZY"]
[Site "Wroclaw"]
[Date "1899-12-30"]
[Round "2.8"]
[White "Domagalski, Fabian"]
[Black "Korpalski, Maciej"]
[Result "0-1"]
[WhiteTitle "II"]
[BlackTitle "II"]
[WhiteElo "1266"]
[BlackElo "1616"]

1. c4 e5 2. g3 Nc6 3. Bg2 d6 4. Nc3 Be6 5. d3 Qd7 6. a3 h5 7. Nf3 Be7 8. O-O h4
9. Bd2 Bh3 10. Be3 hxg3 11. fxg3 Nf6 12. Nd5 Bxg2 13. Kxg2 Qh3+ 14. Kh1 Ng4 15.
Bg1 Nd4 16. e4 Qxg3 17. Qe1 Qh3 18. Qd1 Kd7 19. b4 f5 20. Ra2 fxe4 21. dxe4 Raf8
22. Bxd4 exd4 23. Rg2 Kd8 24. Nxe7 Kxe7 25. Ng5 Qxg2+ 26. Kxg2 Ne3+ 27. Kg1 Rxf1+
28. Qxf1 Nxf1 29. Kxf1 Rxh2 0-1

[Event "XXVIII Memorial Mistrza Blaszczaka Grupa D - JUNIORZY"]
[Site "Wroclaw"]
[Date "1899-12-30"]
[Round "3.1"]
[White "Cukrowski, Filip"]
[Black "Thamm, Merlin Jannes"]
[Result "1-0"]
[WhiteTitle "k"]
[BlackTitle "II"]
[WhiteElo "2178"]
[BlackElo "1708"]

1. e4 c5 2. Nf3 Nc6 3. d4 cxd4 4. Nxd4 e5 5. Nb5 d6 6. c4 a6 7. N5c3 Be7 8. Nd5
Nf6 9. Nbc3 Nxd5 10. Nxd5 Be6 11. Be3 Bxd5 12. Qxd5 O-O 13. O-O-O Qc7 14. Kb1
Rfd8 15. h4 Rab8 16. Rc1 Nd4 17. Bxd4 exd4 18. Qxd4 Bf6 19. Qd2 b5 20. cxb5 Qb7
21. Qd5 Qa7 22. Bc4 axb5 23. Bb3 Qxf2 24. Qxf7+ Kh8 25. Rc2 Qf4 26. Bd5 Re8 27.
Qh5 Rbc8 28. Rxc8 Rxc8 29. Qf5 Qxf5 30. exf5 Rc5 31. Be4 Kg8 32. g4 h6 33. Rd1
Be5 34. b4 Rc3 35. Bd3 Kf8 36. g5 h5 37. Bxb5 Rh3 38. Rc1 Rxh4 39. Rc8+ Ke7 40.
Re8+ Kf7 41. a3 Rg4 42. Re6 Rxg5 43. Be8+ Kf8 44. Bg6 Rg1+ 45. Kc2 Rg2+ 46. Kb3
Rxg6 47. Rxg6 h4 48. Rg4 h3 49. Rh4 h2 50. a4 d5 51. a5 Ke7 52. a6 Bb8 53. Rxh2
Kf6 54. Rg2 1-0

[Event "XXVIII Memorial Mistrza Blaszczaka Grupa D - JUNIORZY"]
[Site "Wroclaw"]
[Date "1899-12-30"]
[Round "3.2"]
[White "Kanicki, Krzysztof"]
[Black "Piotrowski, Przemyslaw"]
[Result "0-1"]
[WhiteTitle "I"]
[BlackTitle "I++"]
[WhiteElo "1937"]
[BlackElo "2030"]

1. e4 c5 2. Nf3 d6 3. d4 cxd4 4. Nxd4 Nf6 5. Nc3 Nc6 6. Bg5 e6 7. Qd2 a6 8. O-O-O
Bd7 9. f4 b5 10. Bxf6 gxf6 11. Kb1 Qb6 12. Nxc6 Bxc6 13. f5 b4 14. Ne2 e5 15.
Ng3 Rd8 16. Bc4 Qc5 17. Qe2 Rg8 18. Bxa6 Bh6 19. Bc4 Be3 20. Qd3 Ke7 21. Bd5 Ba4
22. Qc4 Rc8 23. Bxf7 Bxc2+ 24. Kxc2 Qb5 25. Kb3 Rxc4 26. Bxc4 Qb8 27. Bxg8 Qxg8+
28. Rd5 Bc5 29. Rhd1 h5 30. Nxh5 Qxg2 31. Ng3 Qxh2 32. R1d3 Qf2 33. a3 bxa3 34.
bxa3 Bd4 35. R5xd4 exd4 36. Kc4 Qc2+ 0-1

[Event "XXVIII Memorial Mistrza Blaszczaka Grupa D - JUNIORZY"]
[Site "Wroclaw"]
[Date "1899-12-30"]
[Round "3.3"]
[White "Stankiewicz, Pawel"]
[Black "Nowak, Kamil"]
[Result "0-1"]
[WhiteTitle "k"]
[BlackTitle "I"]
[WhiteElo "2070"]
[BlackElo "1769"]

1. b3 e5 2. Bb2 Nc6 3. e3 d5 4. Bb5 Bd6 5. f4 f6 6. fxe5 fxe5 7. Qh5+ g6 8. Qf3
Nge7 9. Nc3 Rf8 10. Qe2 Be6 11. Nf3 a6 12. Bxc6+ Nxc6 13. O-O-O Qe7 14. h4 h6
15. e4 d4 16. Nd5 Qf7 17. Rhf1 Qg8 18. c3 O-O-O 19. cxd4 exd4 20. Nxd4 Nxd4 21.
Bxd4 Bxd5 22. exd5 Qxd5 23. Qg4+ Kb8 24. Bc3 Ba3+ 25. Bb2 Rxf1 26. Bxa3 Rxd1+
27. Qxd1 Qc6+ 28. Qc2 Qxc2+ 29. Kxc2 Rd4 30. g3 Rg4 31. Bf8 h5 32. Be7 Rxg3 33.
Bg5 Kc8 34. Kd1 Kd7 35. Ke2 Rxg5 36. hxg5 Ke6 0-1

[Event "XXVIII Memorial Mistrza Blaszczaka Grupa D - JUNIORZY"]
[Site "Wroclaw"]
[Date "1899-12-30"]
[Round "3.4"]
[White "Korpalski, Maciej"]
[Black "Gajdamowicz, Patrick"]
[Result "0-1"]
[WhiteTitle "II"]
[BlackTitle "I"]
[WhiteElo "1616"]
[BlackElo "1911"]

1. d4 e6 2. e4 d5 3. Nc3 Bb4 4. e5 c5 5. a3 Bxc3+ 6. bxc3 Nc6 7. Qg4 g6 8. Nf3
Qa5 9. Bd2 Qa4 10. Ra2 Bd7 11. Be2 O-O-O 12. O-O h6 13. Rb1 c4 14. Qf4 Rf8 15.
h4 Qa5 16. Nh2 f5 17. exf6 Nxf6 18. Ng4 Ne4 19. Qe3 Qd8 20. g3 h5 21. Ne5 Qf6
22. Be1 Nd6 23. f4 Ne7 24. Nxd7 Kxd7 25. Qe5 Nef5 26. Qxf6 Rxf6 27. Bf3 Rff8 28.
Kg2 Rc8 29. Bf2 Rc6 30. Kh3 Rh7 31. a4 b6 32. g4 hxg4+ 33. Kxg4 Rc8 34. Rh1 Rf8
35. Raa1 Rhf7 36. Kh3 Rh8 37. Rag1 Nxh4 38. Bxh4 Rxf4 39. Kg3 Rfxh4 40. Rxh4 Nf5+
41. Kf2 Rxh4 42. Rxg6 Rh2+ 43. Bg2 Nh4 44. Rg7+ Kd6 45. Kg1 Rxg2+ 46. Rxg2 Nxg2
47. Kxg2 e5 48. dxe5+ Kxe5 49. Kf3 d4 50. cxd4+ Kxd4 51. Ke2 Kc3 52. Kd1 Kb4 53.
Ke1 0-1

[Event "XXVIII Memorial Mistrza Blaszczaka Grupa D - JUNIORZY"]
[Site "Wroclaw"]
[Date "1899-12-30"]
[Round "3.5"]
[White "Dzikowski, Michal"]
[Black "Lascar, Radoslawa"]
[Result "1-0"]
[WhiteTitle "I"]
[BlackTitle "I"]
[WhiteElo "1892"]
[BlackElo "1722"]

1. e4 c5 2. f4 e6 3. Nf3 d5 4. exd5 exd5 5. Bb5+ Bd7 6. Bxd7+ Nxd7 7. O-O Bd6 8.
d3 Ne7 9. g3 O-O 10. Nc3 a6 11. Nh4 f5 12. Qf3 Nf6 13. b3 Qd7 14. Na4 Qc7 15.
Bd2 b5 16. Nc3 d4 17. Nd1 Qd7 18. a4 Rac8 19. axb5 axb5 20. Nb2 Ned5 21. Ra6 Rfe8
22. Nxf5 Qxf5 23. Rxd6 Ne3 24. Bxe3 Rxe3 25. Qg2 Rce8 26. Nd1 Re2 27. Nf2 Rxc2
28. Qc6 Ree2 29. Qxb5 Ng4 30. Qb8+ Kf7 31. Nxg4 Qxg4 32. Qb7+ Kf8 33. Rd8+ Re8
34. Rxe8+ Kxe8 35. Re1+ Re2 36. Rxe2+ Qxe2 37. Qe4+ Qxe4 38. dxe4 Ke7 39. Kf2
Ke6 40. Ke2 Kd6 41. Kd3 Ke6 42. b4 cxb4 43. Kxd4 g5 44. Kc4 1-0

[Event "XXVIII Memorial Mistrza Blaszczaka Grupa D - JUNIORZY"]
[Site "Wroclaw"]
[Date "1899-12-30"]
[Round "3.7"]
[White "Kulas, Szymon"]
[Black "Koza, Stanislaw"]
[Result "1-0"]
[WhiteTitle "I++"]
[BlackTitle "II"]
[WhiteElo "2064"]
[BlackElo "1548"]

1. e4 c5 2. Nf3 e6 3. d4 cxd4 4. Nxd4 Nf6 5. Bd3 Nc6 6. Nb3 Be7 7. O-O O-O 8. f4
a6 9. Nc3 b5 10. Qe2 Bb7 11. e5 Nd5 12. Nxd5 exd5 13. Bd2 f5 14. exf6 Bxf6 15.
Rae1 Qc7 16. Qh5 g6 17. Qg4 Rae8 18. Rxe8 Rxe8 19. Bxg6 hxg6 20. Qxg6+ 1-0

[Event "XXVIII Memorial Mistrza Blaszczaka Grupa D - JUNIORZY"]
[Site "Wroclaw"]
[Date "1899-12-30"]
[Round "3.8"]
[White "Kopica, Paulina"]
[Black "Domagalski, Fabian"]
[Result "1-0"]
[WhiteTitle "I"]
[BlackTitle "II"]
[WhiteElo "1711"]
[BlackElo "1266"]

1. e4 e6 2. d4 d5 3. e5 c5 4. c3 Nc6 5. Nf3 Qb6 6. a3 f6 7. b4 cxd4 8. cxd4 Bd7
9. Bb2 Nge7 10. Bd3 fxe5 11. dxe5 g6 12. O-O Bh6 13. Nc3 a6 14. Na4 Qc7 15. Nc5
O-O 16. Qe2 b5 17. Rfe1 Nc8 18. Bc1 Bg7 19. Bg5 Nb6 20. Rad1 Nc4 21. Bxc4 bxc4
22. Nxd7 Qxd7 23. Qxc4 Rf5 24. Qc3 Rc8 25. Qb2 Qc7 26. Bf6 Bxf6 27. exf6 Kf7 28.
Rc1 Qd8 29. Rc5 Na7 30. Ne5+ Kg8 31. Rxc8 Nxc8 32. Ng4 Kf8 33. Rxe6 Qd7 34. Re1
d4 35. Qd2 Rh5 36. h3 Qd6 37. Qe2 Qd7 38. Rd1 Na7 39. Rxd4 Qc7 40. Rc4 Qd7 41.
Qe7+ Qxe7 42. fxe7+ Ke8 43. Nf6+ 1-0

[Event "XXVIII Memorial Mistrza Blaszczaka Grupa D - JUNIORZY"]
[Site "Wroclaw"]
[Date "1899-12-30"]
[Round "4.1"]
[White "Piotrowski, Przemyslaw"]
[Black "Cukrowski, Filip"]
[Result "1/2-1/2"]
[WhiteTitle "I++"]
[BlackTitle "k"]
[WhiteElo "2030"]
[BlackElo "2178"]

1. Nf3 Nf6 2. g3 g6 3. Bg2 Bg7 4. O-O O-O 5. c4 d6 6. d4 Nc6 7. Nc3 a6 8. d5 Na5
9. Nd2 c5 10. Qc2 Rb8 11. b3 b5 12. Rb1 Qc7 13. Bb2 Nd7 14. f4 bxc4 15. bxc4 f5
16. e4 Nf6 17. e5 Ng4 18. exd6 exd6 19. Nd1 Rxb2 20. Rxb2 Bxb2 21. Qxb2 Re8 22.
Qc3 Kf7 23. Nf2 Nxf2 24. Kxf2 Kg8 25. Re1 Rxe1 26. Kxe1 Nb7 27. Kf2 Qg7 28. Qxg7+
Kxg7 29. Bf3 Bd7 30. Bd1 Kf6 31. Ke3 1/2-1/2

[Event "XXVIII Memorial Mistrza Blaszczaka Grupa D - JUNIORZY"]
[Site "Wroclaw"]
[Date "1899-12-30"]
[Round "4.2"]
[White "Nowak, Kamil"]
[Black "Kanicki, Krzysztof"]
[Result "0-1"]
[WhiteTitle "I"]
[BlackTitle "I"]
[WhiteElo "1769"]
[BlackElo "1937"]

1. e4 c5 2. Nf3 Nc6 3. d4 cxd4 4. Nxd4 Nf6 5. Nc3 d6 6. Bg5 Bd7 7. Qd2 Rc8 8. O-O-O
Nxd4 9. Qxd4 Qa5 10. f4 Rxc3 11. Qxc3 Qxc3 12. bxc3 Nxe4 13. Bh4 Nxc3 14. Rd3
Nxa2+ 15. Kb2 Nb4 16. Rb3 a5 17. c3 g5 18. cxb4 a4 19. Ra3 Bg7+ 20. Kc2 gxh4 21.
b5 e6 22. Bd3 Ke7 23. Rxa4 Rc8+ 24. Kd2 h6 25. Ra7 b6 26. Rb1 Bd4 27. Rb3 Rg8
28. Bf1 d5 29. Rba3 Bc5 30. R3a4 Kd6 31. Rb7 f6 32. Raa7 Rd8 33. Bd3 e5 34. fxe5+
fxe5 35. Bg6 e4 36. h3 Bxb5 37. Re7 Rg8 38. Bf7 Rxg2+ 39. Kd1 Be2+ 40. Kc2 Bh5+
41. Kb1 Bxf7 42. Rxf7 d4 43. Rf6+ Kd5 44. Rxh6 e3 45. Rxh4 e2 0-1

[Event "XXVIII Memorial Mistrza Blaszczaka Grupa D - JUNIORZY"]
[Site "Wroclaw"]
[Date "1899-12-30"]
[Round "4.3"]
[White "Thamm, Merlin Jannes"]
[Black "Dzikowski, Michal"]
[Result "1/2-1/2"]
[WhiteTitle "II"]
[BlackTitle "I"]
[WhiteElo "1708"]
[BlackElo "1892"]

1. e4 c6 2. d4 d5 3. e5 Bf5 4. Be3 e6 5. Nd2 Nd7 6. Nb3 Rc8 7. Nf3 a6 8. Be2 c5
9. O-O c4 10. Nc1 Qb6 11. Rb1 Ba3 12. Nh4 Ne7 13. Nxf5 Nxf5 14. Kh1 Be7 15. c3
Qc6 16. Qd2 h5 17. Bd1 b5 18. Bc2 g6 19. a3 Nb6 20. Bg5 Qd7 21. g3 Bxg5 22. Qxg5
Qe7 23. Qxe7+ Nxe7 24. f4 a5 25. Na2 Rb8 26. h4 Nf5 27. Bxf5 gxf5 28. Kg2 Kd7
29. Kf3 Nc8 30. Ke3 Ne7 31. Kd2 Nc6 32. Rf3 Rb7 33. Re3 b4 34. axb4 axb4 35. Nxb4
Nxb4 36. cxb4 Rxb4 37. Kc2 Rhb8 38. Rc3 Ra8 39. Rg1 Ra2 40. Rb1 Kc6 41. Kc1 Ra7
42. Kd2 Rab7 43. Kc2 Rb3 44. Kc1 R7b4 45. Kc2 Kb5 46. Kc1 Ra4 47. Kd2 Kb4 48.
Kc2 Ra2 49. Rxb3+ cxb3+ 50. Kd3 Ra7 51. Rc1 Ra2 52. Rb1 Ra7 53. Rc1 Ra2 1/2-1/2

[Event "XXVIII Memorial Mistrza Blaszczaka Grupa D - JUNIORZY"]
[Site "Wroclaw"]
[Date "1899-12-30"]
[Round "4.5"]
[White "Marko, Piotr"]
[Black "Stankiewicz, Pawel"]
[Result "0-1"]
[WhiteTitle "II"]
[BlackTitle "k"]
[WhiteElo "1574"]
[BlackElo "2070"]

1. e4 e6 2. d4 d5 3. Nd2 dxe4 4. Nxe4 Nd7 5. Nf3 Ngf6 6. Bd3 b6 7. O-O Bb7 8. Bg5
Be7 9. Bxf6 Nxf6 10. Nxf6+ Bxf6 11. c3 O-O 12. Re1 Rc8 13. Qe2 c5 14. dxc5 Rxc5
15. Rad1 Qc8 16. Nd2 Be7 17. Ne4 Rd5 18. f4 Rfd8 19. Rd2 Qc6 20. Red1 h6 21. Ng3
Qa4 22. c4 Rd4 23. f5 e5 24. Qxe5 Bc5 25. Kh1 Rxd3 0-1

[Event "XXVIII Memorial Mistrza Blaszczaka Grupa D - JUNIORZY"]
[Site "Wroclaw"]
[Date "1899-12-30"]
[Round "4.6"]
[White "Kopica, Paulina"]
[Black "Kulas, Szymon"]
[Result "0-1"]
[WhiteTitle "I"]
[BlackTitle "I++"]
[WhiteElo "1711"]
[BlackElo "2064"]

1. e4 c5 2. Nf3 d6 3. d4 cxd4 4. Nxd4 Nf6 5. Nc3 Nc6 6. Be2 e5 7. Nb3 Be7 8. O-O
O-O 9. f4 a5 10. a4 Nb4 11. Bf3 Bd7 12. Be3 Bc6 13. Nd5 Bxd5 14. exd5 e4 15. Be2
Nfxd5 16. Bd4 Bf6 17. Bxf6 Qxf6 18. Qc1 Qd8 19. c3 Qb6+ 20. Kh1 Nc6 21. Nd2 Qe3
22. Nc4 Qxe2 23. b3 Nf6 24. Nxd6 Rad8 25. Re1 Qd3 26. Nxb7 Rd5 27. c4 Rh5 28.
Re3 Qd7 29. Nxa5 Rxa5 30. Qe1 Qa7 31. Re2 Re8 32. Rea2 Qb6 33. Rb1 Nb4 34. Rd2
Nd3 35. Qe2 Nxf4 36. Qe1 e3 37. Rd6 Qb7 38. Qg1 Rg5 0-1